| 000 | 00679nam a2200205 a 4500 | ||
|---|---|---|---|
| 005 | 20221105063519.0 | ||
| 008 | 030128s1998 mx r 000 0 spa d | ||
| 020 | _a9507247815 | ||
| 035 | _aUPN01000121672 | ||
| 049 | _aCG | ||
| 050 | 4 |
_aRC489 S4.7 _bL6.48 |
|
| 100 | 1 |
_aLobrot, Michel, _d1924- |
|
| 245 | 1 | 3 |
_aLa experiencia grupal : _bdiario íntimo de un psicoterapeuta 1976-1978 / _cMichel Lobrot ; tr. Rubén O. Bag. |
| 260 |
_aBuenos Aires : _bLumen/Humanitas, _cc1998. |
||
| 440 | 0 |
_aTeoría alternativa del desarrollo humano ; _v2 |
|
| 650 | 2 |
_aPsicoterapia de grupo _96709 |
|
| 650 | 4 |
_aRELACIONES PSICOTERAPEUTA-PACIENTE _925716 |
|
| 902 | _aPN/mva | ||
| 905 | _aLibro | ||
| 999 |
_c93885 _d93885 |
||